Normal view MARC view
  • Bhutta ,Shozib Mahmood

Entry Personal Name

Number of records used in: 1

001 - CONTROL NUMBER

  • control field: 122331

003 - CONTROL NUMBER IDENTIFIER

  • control field: NUST

005 - DATE AND TIME OF LATEST TRANSACTION

  • control field: 20240416122407.0

008 - FIXED-LENGTH DATA ELEMENTS

  • fixed length control field: 240416|| aca||aabn | a|a d

040 ## - CATALOGING SOURCE

  • Original cataloging agency: NUST
  • Transcribing agency: NUST

100 ## - HEADING--PERSONAL NAME

  • Personal name: Bhutta ,Shozib Mahmood

670 ## - SOURCE DATA FOUND

  • Source citation: Work cat.: (NUST): Bhutta ,Shozib Mahmood, Development of Test Rig for Position Control of Shape Memory Alloy Springs using PID Algorithm. /
© 2023 Central Library, National University of Sciences and Technology. All Rights Reserved.